Prácu majstra Vašeka poznajú aj na Madagaskare

Bibliographic Details
Main Author: Artimová, Zuzana (Author)
Format: Article
Language:Slovak
PhysicalDescription:Fotogr.
ISSN:0139-8512
Subjects:

MARC

LEADER 00000nab a2200000 ar4500
001 vtls009000632
003 SK-MaSNL
005 20260303064856.0
008 070620c2007 xo mr|p|||||||000 b|slo
015 |a SNBRB2007/06  |2 snkbucl 
038 |a SNKBUCL 
040 |a SNKBUCL  |b slo  |c SNKBUCL  |e AACR2 
041 0 |a slo 
044 |a xo  |c SK 
080 |a 745.071.1  |2 1997 
100 1 |a Artimová, Zuzana  |4 aut  |9 270661 
245 1 0 |a Prácu majstra Vašeka poznajú aj na Madagaskare  |c Zuzana Artimová 
300 |b Fotogr. 
600 1 7 |a Vašek, František,  |d 1932-  |2 snkbucl  |9 890631 
650 0 7 |a rezbárstvo  |2 snkbucl  |9 2735 
773 0 |t Katolícke noviny  |g Roč. 122, č. 24 (2007), s. 21  |x 0139-8512 
852 |a SNK  |b KIS3GCP 
958 |a BX 
999 |c 1748921  |d 1750851